[Event "St Petersburg Autumn op"]
[Site "St Petersburg"]
[Date "2006.11.07"]
[Round "8"]
[White "Kuznetsov, Andrey"]
[Black "Zefirov, Vadim"]
[Result "0-1"]
[WhiteElo "2123"]
[BlackElo "2069"]
[PlyCount "58"]
[EventDate "2006.10.31"]
[EventType "swiss"]
[EventRounds "9"]
[EventCountry "RUS"]
[SourceTitle "EXT 2007"]
[Source "ChessBase"]
[SourceDate "2006.11.23"]
[SourceVersion "1"]
[SourceVersionDate "2006.11.23"]
[SourceQuality "1"]

1. e4 c6 2. d4 g6 3. Be3 d6 4. Qd2 e5 5. dxe5 dxe5 6. Qxd8+ Kxd8 7. Bc4 f6 8. Nc3 Kc7 9. Nge2 b5 10. Bd3 Nd7 11. f4 Bc5 12. Bxc5 Nxc5 13. fxe5 fxe5 14. 0-0 Be6 15. b4 Nxd3 16. cxd3 Nh6 17. h3 Rhe8 18. d4 a6 19. Rf6 Ng8 20. Rf2 Kb7 21. d5 Rad8 22. Rf3 Re7 23. Nd1 Rf7 24. Rxf7+ Bxf7 25. Nf2 h5 26. Rc1 Nf6 27. Rc3 Nd7 28. Nc1 c5 29. bxc5 Nb8 0-1

[Event "St Petersburg Autumn op"]
[Site "St Petersburg"]
[Date "2006.11.03"]
[Round "4"]
[White "Zefirov, Vadim"]
[Black "Voronenkov, Sergey"]
[Result "1-0"]
[WhiteElo "2069"]
[BlackElo "1973"]
[PlyCount "111"]
[EventDate "2006.10.31"]
[EventType "swiss"]
[EventRounds "9"]
[EventCountry "RUS"]
[SourceTitle "EXT 2007"]
[Source "ChessBase"]
[SourceDate "2006.11.23"]
[SourceVersion "1"]
[SourceVersionDate "2006.11.23"]
[SourceQuality "1"]

1. e4 c5 2. g3 Nc6 3. Bg2 e6 4. c3 d5 5. d3 Nf6 6. f3 Be7 7. Qe2 d4 8. c4 0-0 9. Nh3 a6 10. f4 e5 11. f5 b5 12. b3 bxc4 13. bxc4 Rb8 14. 0-0 Bd7 15. Nf2 Qa5 16. h4 Rb6 17. Nd1 Rfb8 18. Nd2 Rb4 19. Bh3 Ra4 20. Nf3 Qc7 21. g4 Na5 22. Bg5 Rab4 23. Nxe5 Ba4 24. Nf3 Bxd1 25. Raxd1 h6 26. Bc1 Nd7 27. Qg2 Bd6 28. g5 hxg5 29. hxg5 Ne5 30. Nxe5 Bxe5 31. f6 Nc6 32. fxg7 Kxg7 33. g6 fxg6 34. Be6 Nd8 35. Bf5 R4b6 36. Rf3 Nf7 37. Rdf1 Rh8 38. Bh3 Bf6 39. Bf4 Qb7 40. Qg3 Rb1 41. e5 Rxf1+ 42. Rxf1 Bh4 43. Qg4 Ng5 44. Qd7+ Qxd7 45. Bxd7 Nh7 46. e6 Rf8 47. Be5+ Kg8 48. Bd6 Ra8 49. e7 Nf6 50. Rxf6 Bxf6 51. e8Q+ Rxe8 52. Bxe8 Kg7 53. Bxc5 Be5 54. Kg2 Kf6 55. Kf3 g5 56. Bd7 1-0

[Event "St Petersburg White Nights op"]
[Site "St Petersburg"]
[Date "2006.06.28"]
[Round "6"]
[White "Zefirov, Vadim"]
[Black "Fedoseev, Vladimir1"]
[Result "1/2-1/2"]
[WhiteElo "2086"]
[BlackElo "2310"]
[PlyCount "134"]
[EventDate "2006.06.23"]
[EventType "swiss"]
[EventRounds "9"]
[EventCountry "RUS"]
[SourceTitle "CBM 112 Extra"]
[Source "ChessBase"]
[SourceDate "2006.07.14"]
[SourceVersion "1"]
[SourceVersionDate "2006.07.14"]
[SourceQuality "1"]

1. e4 d6 2. d3 g6 3. g3 Bg7 4. Bg2 c6 5. c3 Nf6 6. Qe2 0-0 7. f3 Nbd7 8. Nh3 e5 9. Nf2 d5 10. 0-0 b6 11. Qc2 Bb7 12. Rd1 c5 13. Nd2 d4 14. c4 Nh5 15. Nf1 f5 16. Qe2 f4 17. Bh3 Qe7 18. Bd2 Rad8 19. a3 Qf7 20. b4 fxg3 21. hxg3 Bc8 22. Kg2 Qe7 23. Nh2 Rf7 24. Nfg4 g5 25. Nf2 h6 26. Bf5 Qd6 27. Rh1 Nhf6 28. Nhg4 Nxg4 29. fxg4 Nf8 30. bxc5 bxc5 31. Rab1 Qc6 32. Kh2 Ng6 33. Nh3 Ne7 34. Rb8 Qc7 35. Rhb1 Nc6 36. Rxc8 Rxc8 37. Be6 Re8 38. Bxf7+ Qxf7 39. Rf1 Qb7 40. Qd1 Qb2 41. Qa4 Rf8 42. Rxf8+ Bxf8 43. Qxc6 Qxd2+ 44. Kg1 Qxd3 45. Qd5+ Kh8 46. Kg2 Bg7 47. Nf2 Qxa3 48. Qd8+ Kh7 49. Qc8 Qa4 50. Qf5+ Kg8 51. Qe6+ Kf8 52. Qd6+ Kf7 53. Qxc5 Qd7 54. Nd3 Qxg4 55. Qxa7+ Kg6 56. Qa6+ Kh7 57. Qc6 Qe2+ 58. Nf2 g4 59. Qe6 Qf3+ 60. Kf1 h5 61. c5 Qxg3 62. c6 Qc3 63. Kg2 Qf3+ 64. Kf1 Qc3 65. Kg2 Qf3+ 66. Kf1 Qc3 67. Kg2 Qf3+ 1/2-1/2

[Event "St Petersburg White Nights op"]
[Site "St Petersburg"]
[Date "2006.06.26"]
[Round "4"]
[White "Yankovsky, Roman"]
[Black "Zefirov, Vadim"]
[Result "1-0"]
[WhiteElo "2199"]
[BlackElo "2086"]
[PlyCount "107"]
[EventDate "2006.06.23"]
[EventType "swiss"]
[EventRounds "9"]
[EventCountry "RUS"]
[SourceTitle "CBM 112 Extra"]
[Source "ChessBase"]
[SourceDate "2006.07.14"]
[SourceVersion "1"]
[SourceVersionDate "2006.07.14"]
[SourceQuality "1"]

1. e4 c6 2. d4 g6 3. Nc3 d6 4. f4 Nh6 5. Nf3 Bg7 6. Be3 Ng4 7. Bg1 h5 8. h3 Nh6 9. Qd2 Qa5 10. 0-0-0 Na6 11. Kb1 Bd7 12. e5 0-0-0 13. Qf2 d5 14. Nd2 b5 15. Nb3 Qb6 16. a4 e6 17. Qe2 Nc7 18. g4 Bf8 19. gxh5 gxh5 20. Qxh5 Bb4 21. Qf3 Nf5 22. axb5 cxb5 23. Na2 Be7 24. Bd3 Nh4 25. Qf1 b4 26. Bf2 a5 27. Nc5 Bb5 28. Nc1 a4 29. Bxb5 Nxb5 30. Nxa4 Qa5 31. Nc5 Bxc5 32. Nb3 Qb6 33. dxc5 Qc6 34. Qe1 Nf5 35. Qxb4 Rd7 36. c4 dxc4 37. Qxc4 Rhd8 38. Rc1 Ra7 39. Rhd1 Rxd1 40. Rxd1 Ra4 41. Qd3 Qe4 42. Qxe4 Rxe4 43. c6 Rb4 44. Rd3 Nc7 45. Nd4 Ne7 46. Be1 Rb8 47. Bh4 Ned5 48. Bg5 Nb5 49. h4 Kc7 50. Nxb5+ Rxb5 51. h5 Kxc6 52. h6 Rb8 53. Rxd5 Kxd5 54. Bf6 1-0

[Event "St Petersburg White Nights op"]
[Site "St Petersburg"]
[Date "2006.06.24"]
[Round "2"]
[White "Kurilov, Viktor"]
[Black "Zefirov, Vadim"]
[Result "1-0"]
[WhiteElo "2329"]
[BlackElo "2086"]
[PlyCount "91"]
[EventDate "2006.06.23"]
[EventType "swiss"]
[EventRounds "9"]
[EventCountry "RUS"]
[SourceTitle "CBM 112 Extra"]
[Source "ChessBase"]
[SourceDate "2006.07.14"]
[SourceVersion "1"]
[SourceVersionDate "2006.07.14"]
[SourceQuality "1"]

1. e4 d6 2. d4 g6 3. Nf3 Bg7 4. Bc4 Nh6 5. h3 e6 6. Bg5 f6 7. Be3 Nf7 8. Nc3 Qe7 9. Qd2 b6 10. d5 e5 11. Bb5+ Bd7 12. Bxd7+ Qxd7 13. g4 a6 14. 0-0-0 b5 15. Qd3 b4 16. Ne2 a5 17. Nd2 Na6 18. Nc4 0-0 19. f4 Rfb8 20. b3 a4 21. f5 Qb5 22. h4 Nc5 23. Bxc5 Qxc5 24. fxg6 hxg6 25. h5 Qa7 26. hxg6 Ng5 27. Ng3 axb3 28. axb3 Qd4 29. Qxd4 exd4 30. Kd2 Re8 31. Kd3 Re7 32. Rdf1 Rae8 33. Rf4 c6 34. Nxd6 cxd5 35. Nxe8 Rxe8 36. Rf5 dxe4+ 37. Kxd4 Bf8 38. Nh5 Ne6+ 39. Kxe4 Rc8 40. Nxf6+ Kg7 41. Nh5+ Kg8 42. Re5 Nc5+ 43. Kf5 Bg7 44. Nxg7 Kxg7 45. Re7+ Kg8 46. g7 1-0

[Event "St Petersburg White Nights op"]
[Site "St Petersburg"]
[Date "2005.06.23"]
[Round "6"]
[White "Khatenever, Feliks"]
[Black "Zefirov, Vadim"]
[Result "1/2-1/2"]
[WhiteElo "2037"]
[BlackElo "2121"]
[PlyCount "97"]
[EventDate "2005.06.18"]
[EventType "swiss"]
[EventRounds "9"]
[EventCountry "RUS"]
[SourceTitle "CBM 106 Extra"]
[Source "ChessBase"]
[SourceDate "2005.07.01"]
[SourceVersion "1"]
[SourceVersionDate "2005.07.01"]
[SourceQuality "1"]

1. d4 d6 2. e4 g6 3. Bc4 c6 4. Nc3 Nh6 5. Nf3 Bg7 6. 0-0 Na6 7. h3 Nc7 8. a4 f6 9. e5 d5 10. exf6 exf6 11. Re1+ Ne6 12. Bd3 0-0 13. Ne2 Qc7 14. c4 Nf7 15. Qc2 Nfg5 16. Nxg5 fxg5 17. cxd5 Qf7 18. Be3 cxd5 19. Qb3 Rd8 20. Rac1 Nf4 21. Ng3 h5 22. Qc2 Nxd3 23. Qxd3 Bf6 24. Qd2 h4 25. Nf1 g4 26. hxg4 Bxg4 27. Bf4 Rac8 28. Nh2 Bf5 29. Be5 Rxc1 30. Rxc1 Bxe5 31. dxe5 Qe7 32. Qd4 Qg5 33. Qe3 Qxe3 34. fxe3 Kf7 35. Nf3 Rd7 36. Nxh4 Ke6 37. Nf3 Be4 38. Kf2 Bxf3 39. gxf3 Kxe5 40. Rg1 Rd6 41. Rg5+ Kf6 42. Rg4 Rc6 43. Rb4 b6 44. Rb5 Ke6 45. Ke2 Rc2+ 46. Kd3 Rg2 47. a5 bxa5 48. Rxa5 Rxb2 49. Rxa7 1/2-1/2

[Event "St Petersburg White Nights op"]
[Site "St Petersburg"]
[Date "2005.06.18"]
[Round "1"]
[White "Zefirov, Vadim"]
[Black "Polyaninov, Aleksey Vladimirovi"]
[Result "0-1"]
[WhiteElo "2121"]
[BlackElo "2409"]
[PlyCount "94"]
[EventDate "2005.06.18"]
[EventType "swiss"]
[EventRounds "9"]
[EventCountry "RUS"]
[SourceTitle "CBM 106 Extra"]
[Source "ChessBase"]
[SourceDate "2005.07.01"]
[SourceVersion "1"]
[SourceVersionDate "2005.07.01"]
[SourceQuality "1"]

1. e4 c5 2. c3 Nf6 3. d3 e6 4. g3 d5 5. Qe2 Be7 6. e5 Nfd7 7. f4 Nc6 8. Nf3 b6 9. Na3 Ba6 10. Nc2 Qc7 11. h4 h6 12. Bd2 0-0-0 13. 0-0-0 Rhe8 14. Bh3 Kb8 15. g4 d4 16. c4 b5 17. Na3 b4 18. Nc2 b3 19. axb3 Qb6 20. Na1 Kc7 21. Qe1 Rb8 22. g5 Bb7 23. Rf1 a5 24. f5 hxg5 25. fxe6 fxe6 26. Bxe6 gxh4 27. Bf7 Rh8 28. e6 Nf6 29. Bf4+ Kc8 30. Bxb8 Kxb8 31. Nxh4 Ka7 32. Ng6 Rh3 33. Nxe7 Nxe7 34. Rg1 Nf5 35. Nc2 Bf3 36. Qe5 Bxd1 37. Rxd1 Ne3 38. Re1 Nfg4 39. Qxg7 Qxb3 40. Bh5+ Kb6 41. Nxe3 Nxe3 42. Rxe3 Rh1+ 43. Re1 Rxe1+ 44. Kd2 Re3 45. Kc1 Qxd3 46. Qg1 Qxc4+ 47. Kb1 Qxe6 0-1

[Event "St Petersburg White Nights op"]
[Site "St Petersburg"]
[Date "2004.??.??"]
[Round "6"]
[White "Pavlov, Gennady Vasilievich"]
[Black "Zefirov, Vadim"]
[Result "1-0"]
[WhiteElo "2131"]
[BlackElo "2180"]
[PlyCount "137"]
[EventDate "2004.06.??"]
[EventType "swiss"]
[EventRounds "9"]
[EventCountry "RUS"]
[SourceTitle "CBM 100 Extra"]
[Source "ChessBase"]
[SourceDate "2004.07.06"]
[SourceVersion "2"]
[SourceVersionDate "2004.07.06"]
[SourceQuality "1"]

1. d4 d6 2. e4 g6 3. c4 c6 4. f4 Nh6 5. Nf3 Bg7 6. Be2 Na6 7. 0-0 0-0 8. Nc3 f6 9. Qb3 e6 10. h3 f5 11. e5 d5 12. cxd5 exd5 13. Bxa6 bxa6 14. Na4 Nf7 15. Bd2 Re8 16. Rac1 Bd7 17. Nc5 Rb8 18. Qc2 Bc8 19. b3 Bf8 20. Qd3 Qb6 21. Rc2 Nd8 22. Rfc1 Qb5 23. Qe3 Qb6 24. Qe1 Qc7 25. Ba5 Rb6 26. b4 Qg7 27. Bxb6 axb6 28. Na4 Qa7 29. Kh2 Bd7 30. Nb2 Ne6 31. Nd3 Be7 32. g4 Rf8 33. Qg3 Qa8 34. g5 Qb7 35. h4 Ra8 36. Qh3 a5 37. b5 cxb5 38. h5 Bf8 39. hxg6 hxg6 40. Kg3 Bg7 41. Rh1 Kf7 42. Qf1 b4 43. Rh7 Rc8 44. Qc1 Rxc2 45. Qxc2 Qc6 46. Rh2 Qxc2 47. Rxc2 Bb5 48. Rd2 Bf8 49. Kf2 Bc4 50. Ke3 a4 51. Nb2 b3 52. axb3 Bxb3 53. Nd3 a3 54. Nc1 Bc4 55. Rh2 b5 56. Nd2 a2 57. Ndb3 Bxb3 58. Nxb3 Ba3 59. Rxa2 b4 60. Rc2 Ke7 61. Rc6 Bb2 62. Rb6 Bc3 63. Rd6 Nc7 64. Rxg6 Nb5 65. Rf6 Na3 66. g6 Nc4+ 67. Ke2 Na5 68. Nxa5 Bxd4 69. g7 1-0